Name the Challenge Locations Quiz Stats

 Plays Quiz not verified by Sporcle

Support Sporcle.
Go Orange.
Score 0/29 Timer 03:00
0 Plays Today
% Correct
Prague, Czech Republic
61.2%
Cartagena, Colombia
60.8%
Marbella, Spain
58.4%
Whistler, British Columbia, Canada
57.4%
Hermanus, South Africa
56.4%
Armacao dos Buzios, Brazil
52.9%
Punta del Este, Uruguay
52.9%
Swakopmund, Namibia
52.2%
Queenstown, New Zealand
49.8%
Myocum, Australia
46.7%
Colon Island, Panama
46.7%
Phuket,Thailand
45.4%
Krabi, Thailand
43%
Dominicat, Costa Rica
42.3%
Huatulco, Mexico
40.9%
% Correct
Phuket, Thailand(2)
39.9%
Sosua, Dominican Republic
39.5%
Bodrum, Turkey(2)
39.2%
Tobago, Trinidad and Tobago
36.8%
Somerset West, South Africa
34.4%
Telluride, Colorado
31.3%
Pedasi, Panama
31.3%
Santa Fe, New Mexico
29.9%
Montego Bay, Jamaica
25.8%
Bodrum, Turkey
24.1%
Acapulco, Mexico
23.4%
Manzanillo, Mexico
19.9%
Riviera Nayarit, Mexico
18.6%
Cabo San Lucas, Mexico
15.8%

You're not logged in!

Compare scores with friends on all Sporcle quizzes.
OR
Log In

From the Vault

Picture the Song

by PenguinsMeercats

You get to do it pixel by pixel too. Happy painting.
Remove Ads.
Support Sporcle.
Get the best of Sporcle when you Go Orange. This ad-free experience offers more features, more stats, and more fun while also helping to support Sporcle. Thank you for becoming a member.

Show Comments

Extras

Top Quizzes Today


Score Distribution

Your Account Isn't Verified!

In order to create a playlist on Sporcle, you need to verify the email address you used during registration. Go to your Sporcle Settings to finish the process.

Report this User

Report this user for behavior that violates our Community Guidelines.

Details: